000 00487nam a2200181Ia 4500
005 20250508152804.0
008 008 250505s9999 xx 000 0 hin d
037 _aTextual
040 _aFEDL
_beng
_cFEDL
041 _ahin
_2hin
084 _a891.441, TAG
_qFEDL
100 _aTagore Rabindranath
245 0 _aGitanjali
260 _aCalcutta, India
_bVishwabharti Granthalaya
300 _avi,157p
942 _cTEXL
_h891.441, TAG
999 _c1338766
_d1338766